header

Reconstruction in the cane fields (Record no. 101344)

MARC details
000 -LEADER
fixed length control field 01577nam a2200373Ia 4500
082 04 - DEWEY DECIMAL CLASSIFICATION NUMBER
Classification number 331.7/63361/09763
100 1# - MAIN ENTRY--AUTHOR NAME
Personal name Rodrigue, John C.
245 10 - TITLE STATEMENT
Title Reconstruction in the cane fields
260 ## - PUBLICATION, DISTRIBUTION, ETC. (IMPRINT)
Place of publication Baton Rouge :
Name of publisher Louisiana State University Press,
Year of publication c2001.
300 ## - PHYSICAL DESCRIPTION
Number of Pages xvi, 224 p. :
Other physical details ill., 1 map.
500 ## - GENERAL NOTE
General note Enlargement of author's thesis (doctoral)--Emory University.
650 #0 - SUBJECT ADDED ENTRY--TOPICAL TERM
Topical Term Sugar workers
Topical Term Plantation workers
Topical Term Slavery
Topical Term Slaves
Topical Term Sugarcane industry
856 40 - ELECTRONIC LOCATION AND ACCESS
Uniform Resource Identifier http://site.ebrary.com/lib/rucke/Doc?id=10614898

No items available.

© 2026 Rongo University
Contact us: librarian | system librarian | Rongo university